Γεωργίου Δροσίνη "Ειδύλλια": απεικονίσεις της λαϊκής παράδοσης
Αποθηκεύτηκε σε:
| Κύριος συγγραφέας: | |
|---|---|
| Μορφή: | Βιβλίο |
| Γλώσσα: | Greek |
| Δημοσίευση: |
Αθήνα:
Σύλλογος 'Οι φίλοι του μουσείου Γ. Δροσίνη',
c2021.
|
| Σειρά: | Αυτοτελείς εκδόσεις (Σύλλογος ''Οι Φίλοι του Μουσείου Γ. Δροσίνη'')
; 58 |
| Θέματα: | |
| Ετικέτες: |
Προσθήκη ετικέτας
Δεν υπάρχουν, Καταχωρήστε ετικέτα πρώτοι!
|
MARC
| LEADER | 00000cam a2200000 a 4500 | ||
|---|---|---|---|
| 001 | 1/124451 | ||
| 008 | 220301t2021####gr | ||| |||| ||gre|| | ||
| 020 | |a 9786185165222 |q (χαρτόδετο) | ||
| 040 | |a GR-MyUa |b gre |c GR-MyUa |e AACR2 | ||
| 041 | 0 | |a gre | |
| 082 | 7 | |a 889.107 |2 (23) | |
| 100 | 1 | |a Στέφος, Αναστάσιος, |d 1938- |e aut | |
| 245 | 1 | 2 | |a Γεωργίου Δροσίνη "Ειδύλλια": |b απεικονίσεις της λαϊκής παράδοσης/ |c Αναστάσιος Αγγ. Στέφος. |
| 260 | |a Αθήνα: |b Σύλλογος 'Οι φίλοι του μουσείου Γ. Δροσίνη', |c c2021. | ||
| 300 | |a 95 σ.: |b φωτ.; |c 21 εκ. | ||
| 490 | 1 | |a (Αυτοτελείς εκδόσεις / Σύλλογος ''Οι Φίλοι του Μουσείου Γ. Δροσίνη'' ; |v 58) | |
| 600 | 1 | 0 | |a Δροσίνης, Γεώργιος, |d 1859-1951. |
| 650 | 0 | |a Greek poetry, Modern |y 19th century. | |
| 830 | 0 | |a Αυτοτελείς εκδόσεις (Σύλλογος ''Οι Φίλοι του Μουσείου Γ. Δροσίνη'') |v ; 58 | |
| 852 | |a INST |b CHIOS |e 20220301 |h 889.107 ΣΤΕ |p 005200039505 |q 005200039505 |t BK |y 0 | ||
| 970 | |a Παροικάκη |b Βασιλική |z 01-03-2022 | ||